[Event "AUTO-INT-3966"]
[Site "http://www.queenalice.com/game.php?id=1872059"]
[Date "2026.4.16"]
[Round "1"]
[White "tche_elvio"]
[Black "Jomaley"]
[Result "0-1"]
[WhiteElo "1644"]
[BlackElo "1619"]

1. e4 e5 2. Nf3 Bd6 3. Be2 Nh6 4. h3 b6 5. O-O c5 6. c3 Ba6 7. d3 Nc6 8. Be3 Qf6
9. Bg5 Qe6 10. Bxh6 Qxh6 11. Qd2 Qxd2 12. Nbxd2 O-O 13. a3 h6 14. b4 cxb4 15.
axb4 Bb5 16. Nh4 g5 17. Nf5 Bc7 18. Nxh6+ Kg7 19. Nf5+ Kh7 20. g4 a5 21. bxa5
bxa5 22. c4 Bxc4 23. Nxc4 Nd4 24. Nxd4 exd4 25. Kg2 Rfd8 26. Nd2 d5 27. f3 dxe4
28. Nxe4 Kg6 29. Rfc1 Be5 30. Rc6+ f6 31. Ng3 Rdb8 32. Nf5 Rb2 33. Ne7+ Kh6 34.
Nf5+ Kg6 35. Ne7+ Kf7 36. Nf5 Rxe2+ 37. Kf1 Rh2 38. Nh6+ Kg7 39. Nf5+ Kg6 40.
Ne7+ Kf7 41. Rc8 Rxc8 42. Nxc8 Rxh3 43. Kg2 Rh8 44. Rxa5 Bc7 45. Nd6+ Bxd6 46.
Ra7+ Kg6 47. Ra6 Bc7 48. Ra7 Be5 49. Rd7 Rh2+ 50. Kf1 Rd2 51. Ke1 Rxd3 52. Ke2
Ra3 53. Rb7 d3+ 54. Kd1 Bc3 55. Rd7 Ra1# 0-1

[Event "AUTO-INT-3966"]
[Site "http://www.queenalice.com/game.php?id=1872062"]
[Date "2026.4.16"]
[Round "1"]
[White "renet54"]
[Black "tche_elvio"]
[Result "0-1"]
[WhiteElo "1574"]
[BlackElo "1648"]

1. d4 Nf6 2. Bf4 d5 3. e3 a6 4. Nf3 e6 5. Bd3 Bd6 6. Bg5 h6 7. Bf4 c5 8. O-O c4
9. Be2 Bxf4 10. exf4 b5 11. c3 Bb7 12. b4 Nc6 13. Nbd2 O-O 14. Qc2 Qc7 15. f5 e5
16. Rfe1 e4 17. Ne5 Nxe5 18. dxe5 Qxe5 19. Nf3 exf3 20. Bxf3 Qd6 21. Rad1 Rfe8
22. Rxe8+ Rxe8 23. g3 Nh7 24. f6 Nxf6 25. Rd4 Ne4 26. Bxe4 g6 27. Qd2 Kg7 28.
Qc2 Rxe4 29. Rxe4 dxe4 30. Kf1 Qd3+ 31. Qxd3 exd3 32. Ke1 f5 33. f4 Kf6 34. h3
g5 35. fxg5+ hxg5 36. Kf2 Ke5 37. Ke3 f4+ 38. gxf4+ gxf4+ 39. Kf2 Kf5 40. Ke1 f3
41. Kf2 Kf4 42. a3 d2 0-1